Horror at the haunted house /

While acting in a "haunted house" featuring interesting deaths in history, Ellen is contacted by the ghost of a former resident, who seems to be protecting the collection of antique Wedgwood dishes on display there.

Bibliographic Details
Main Author: Kehret, Peg
Format: Book
Language:English
Published: New York : Cobblehill Books/Dutton, [1992]
Edition:1st ed.
Subjects:

MARC

Tag First Indicator Second Indicator Subfields
LEADER 00000cam a2200000 a 4500
001 in00001085607
005 20150929163224.0
008 920207s1992 nyu j 000 1 eng
010 |a  92007901  
020 |a 0525651063 :  |c $14.00 
035 |a (OCoLC)25412213 
035 |9 AFR1378AM 
040 |a DLC  |c DLC  |d TXA  |d UtOrBLW 
049 |a TXAM 
050 0 0 |a PZ7.K2518  |b Ho 1992 
082 0 0 |a [Fic]  |2 20 
100 1 |a Kehret, Peg. 
245 1 0 |a Horror at the haunted house /  |c Peg Kehret. 
250 |a 1st ed. 
264 1 |a New York :  |b Cobblehill Books/Dutton,  |c [1992] 
264 4 |c ©1992 
300 |a 132 pages ;  |c 22 cm. 
336 |a text  |b txt  |2 rdacontent 
337 |a unmediated  |b n  |2 rdamedia 
338 |a volume  |b nc  |2 rdacarrier 
520 |a While acting in a "haunted house" featuring interesting deaths in history, Ellen is contacted by the ghost of a former resident, who seems to be protecting the collection of antique Wedgwood dishes on display there. 
650 1 |a Ghosts  |x Fiction. 
650 1 |a Haunted houses  |x Fiction. 
650 1 |a Wedgwood ware  |x Fiction. 
999 |a MARS 
999 f f |s 19bd14a1-b918-3d57-8a69-df4545ca7803  |i a73661a9-c338-3ca1-9ec8-886226522031  |t 0 
952 f f |p normal  |a Texas A&M University  |b College Station  |c Sterling C. Evans Library  |d Evans: Curriculum Collection (4th floor)  |t 0  |e PZ7.K2518 Ho 1992  |h Library of Congress classification  |i unmediated -- volume  |m A14816263647 
998 f f |a PZ7.K2518 Ho 1992  |t 0  |l Evans: Curriculum Collection (4th floor)